000 01523nam a22002897a 4500
008 251013b |||||||| |||| 00| 0 eng d
020 _a9781250376633
040 _cTBS
041 _aeng
050 _aPQ9698.426.U43
_bB4613 2025
100 _aPueyo, Hache
_926138
_eauthor
240 _aBem mal me quer.
_lEnglish.
245 _aBut not too bold
_c/ Hache Pueyo.
250 _aFirst edition.
260 _aNew York, NY :
_bTor Publishing Group,
_c2025.
300 _a111 pages ;
_c21 cm
500 _aTranslation of: Bem mal me quer / Hache Pueyo.
520 _aThe old keeper of the keys is dead, and the creature who ate her is the volatile Lady of the Capricious House-Anatema, an enormous humanoid spider with a taste for laudanum and human brides. Dalia, the old keeper's protégée, must take up her duties, locking and unlocking the little drawers in which Anatema keeps her memories. And if she can unravel the crime that led to her predecessor's death, Dalia might just be able to survive long enough to grow into her new role. But there's a gaping hole in Dalia's plan that she refuses to see: Anatema cannot resist a beautiful woman, and she eventually devours every single bride that crosses her path.
650 0 _aBeauty, Personal
_vFiction
_926139
650 0 _aBrides
_vFiction
_923686
650 0 _aMonsters
_vFiction
_926140
655 0 _aMonster fiction
_926141
655 0 _aParanormal fiction
_922925
655 0 _aFantasy fiction
_922510
655 0 _aGothic fiction
_923121
942 _2lcc
999 _c5040
_d5040